000 00286nam a22001337a 4500
008 170602b xxu||||| |||| 00| 0 eng d
020 _a0516047922
041 _aeng
080 _a94(100)
100 _a17
101 _aSHH
245 _aWORLD AT WAR
_c SKIPPER,G.C
942 _2udc
_cBK
999 _c15786
_d15786